00817nam a2200277Ia 4500008004000000020001800040041000800058082001500066100002000081245006300101260004500164300001000209650001100219650001100230650001600241650000700257650001000264650000700274650001200281650001300293650000800306690002100314906001100335999001900346952017400365210210b2011 xxu||||| |||| 00| 0 eng d a9788178848297 aeng a820.5 PRAN aPRASAD (Ambika) aNehru in parliament: on social economic and foreign policy aNew DelhibCyber Tech Publicationsc2011 ax,350 asocial apolicy aparliament: aon aNehru ain aforeign aeconomic aand aEnglish Speeches a066487 c147854d147854 00102ddc40708Human RightsaALbALd2021-02-17eSapna Book House Pvt Ltd, K S Rao Road, Mangaloreg1000.00l0o820.5 PRANp066487r2021-02-17 00:00:00w2021-02-17yBK